| 000 | 00439nam a22001817a 4500 | ||
|---|---|---|---|
| 003 | CEME | ||
| 005 | 20210628210337.0 | ||
| 008 | 210216b xxu||||| |||| 00| 0 eng d | ||
| 020 | _a969-35-0989-7 | ||
| 040 | _c. | ||
| 082 | _a891.4393 BUT | ||
| 100 |
_aMohammad Youns Butt _979062 |
||
| 245 | _aKhanda kaarian | ||
| 260 |
_aLAHORE _bSANG-E-MEEL _c1999 |
||
| 300 | _a536P | ||
| 650 |
_aURDU ADAB-TANZ-O-MAZAH _91738 |
||
| 942 |
_cBK _2ddc |
||
| 999 |
_c584131 _d584131 |
||